Pays ayant le plus de médailles au JO d'été - Statistiques

Statistiques générales
  • Ce quiz a été pris 57 fois
  • Le résultat moyen est 5 sur 10
Statistiques - réponses
Hint Réponse % Correct
2765 États-Unis
100%
813 France
65%
726 Chine
61%
1010 Union Sovietique
59%
1007 Allemagne
54%
980 Grande-bretagne
52%
657 Italie
41%
426 Russie
26%
530 Hongrie
11%
409 Allemagne de l'Est
4%
Aucun quiz correspondant
Distribution des résultats
% des personnes avec chaque résultat
Percentile par nombre de réponses
Votre historique - résultats
Vous n’avez pas pris ce quiz